Loading...
| Fine Arts - Visual | 0 | 6 | 0 | 1 | 60 | 54 | 87.00 | 3 | 6 | 0.00 | 0.00 |
| Science - Other | 0 | 3 | 0 | 0 | 30 | 61 | 86.67 | 0 | 3 | 0.00 | 0.00 |
| History - European | 0 | 3 | 0 | 3 | 30 | 126 | 130.67 | 0 | 3 | 0.00 | 0.00 |
| Literature - American | 0 | 3 | 0 | 1 | 30 | 100 | 120.33 | 1 | 3 | 0.00 | 0.00 |
| Science - Physics | 0 | 3 | 1 | 1 | 25 | 102 | 116.00 | 0 | 3 | 0.00 | 0.00 |
| Literature - European | 0 | 2 | 0 | 0 | 20 | 76 | 107.00 | 1 | 2 | 0.00 | 0.00 |
| Science - Biology | 0 | 2 | 0 | 1 | 20 | 86 | 106.50 | 0 | 2 | 0.00 | 0.00 |
| Fine Arts - Other | 0 | 2 | 0 | 0 | 20 | 72 | 108.50 | 1 | 2 | 0.00 | 0.00 |
| History - American | 0 | 2 | 1 | 0 | 15 | 61 | 78.50 | 0 | 2 | 0.00 | 0.00 |
| Fine Arts - Classical Music | 0 | 1 | 0 | 0 | 10 | 70 | 70.00 | 0 | 1 | 0.00 | 0.00 |
| History - Other | 0 | 1 | 0 | 1 | 10 | 126 | 126.00 | 0 | 1 | 0.00 | 0.00 |
| Literature - British | 0 | 1 | 0 | 1 | 10 | 132 | 132.00 | 0 | 1 | 0.00 | 0.00 |
| Other Academic | 0 | 1 | 0 | 0 | 10 | 55 | 55.00 | 0 | 1 | 0.00 | 0.00 |
| Pop Culture | 0 | 1 | 0 | 0 | 10 | 38 | 38.00 | 1 | 1 | 0.00 | 0.00 |
| Religion | 0 | 1 | 0 | 0 | 10 | 96 | 96.00 | 0 | 1 | 0.00 | 0.00 |
| Mythology | 0 | 1 | 1 | 0 | 5 | 124 | 124.00 | 0 | 1 | 0.00 | 0.00 |
| Geography/Current Events | 0 | 1 | 1 | 0 | 5 | 90 | 90.00 | 1 | 1 | 0.00 | 0.00 |
| Social Science | 0 | 1 | 1 | 0 | 5 | 47 | 47.00 | 1 | 1 | 0.00 | 0.00 |